00624 a2200193 450000100060000002000150000604000240002110000300004524000340007524500290010930000080013836200090014644000120015565000310016794200070019895201040020595201040030999900170041370090 a8508094671 cAnchieta - Itaigara aPenteado, Maria Heloísa10aRabiscou? o bicho pegou!lpor10aRabiscou? o bicho pegou! a1340 a2005 1aÁtica 4aLiteratura infanto-juvenil cBK 00104070a88.1b88.1d2023-11-21l0o028.5 PEN RABp3153/ITAr2023-11-21 20:04:57w2023-11-21yBK 00104070a88.1b88.1d2023-11-21l0o028.5 PEN RABp3154/ITAr2023-11-21 20:04:57w2023-11-21yBK c70090d70090